New contributions to economic statistics (Record no. 390186)

000 -LEADER
fixed length control field 00377cam a22001097a 4500
008 - FIXED-LENGTH DATA ELEMENTS--GENERAL INFORMATION
fixed length control field 180718b1959 xxu||||| |||| 00| 0 eng d
082 ## - DEWEY DECIMAL CLASSIFICATION NUMBER
Classification number T19065x42 Un3/1957-58
245 ## - TITLE STATEMENT
Title New contributions to economic statistics
Statement of responsibility, etc. by Central Statistical Office
260 ## - PUBLICATION, DISTRIBUTION, ETC.
Place of publication, distribution, etc. London
Name of publisher, distributor, etc. Her Majesty's Stationery Office
Date of publication, distribution, etc. 1959
300 ## - PHYSICAL DESCRIPTION
Extent 53p.
700 ## - ADDED ENTRY--PERSONAL NAME
Personal name United Kingdom. Central Statistical Office
Holdings
Withdrawn status Lost status Damaged status Not for loan Permanent Location Current Location Date acquired Full call number Barcode Date last seen Price effective from Koha item type
        Indian Institute of Public Administration Indian Institute of Public Administration 1999-08-18 T19065x42 Un3/1957-58 19262 2018-07-21 2018-07-21 Book

Powered by Koha